| 000 | 00595nam a2200145Ia 4500 | ||
|---|---|---|---|
| 008 | 100122s9999 xx 000 0 und d | ||
| 082 |
_b55098 _a291.3 |
||
| 100 | _aजोशी वि म | ||
| 245 | _aश्री महागणपती सहस्त्रनामस्तोत्र | ||
| 260 |
_bसुमंगल प्रेस _c1998 |
||
| 300 | _a155 | ||
| 630 | _aश्री महागणपती सहस्त्रनामस्तोत्र | ||
| 730 | _aश्री महागणपती सहस्त्रनामस्तोत्र | ||
| 942 | _cBOOK | ||
| 999 |
_c431776 _d431773 |
||